Kỹ thuật nuôi cá trê vàng lai
Đã lưu trong:
| 主要作者: | |
|---|---|
| 格式: | 圖書 |
| 語言: | Undetermined |
| 出版: |
Tp.HCM
Nông Nghiệp
1998
|
| 主題: | |
| 標簽: |
添加標簽
沒有標簽, 成為第一個標記此記錄!
|
| Thư viện lưu trữ: | Trung tâm Học liệu Trường Đại học Cần Thơ |
|---|
| LEADER | 00495nam a2200169Ia 4500 | ||
|---|---|---|---|
| 001 | CTU_35359 | ||
| 008 | 210402s9999 xx 000 0 und d | ||
| 082 | |a 639.31 | ||
| 082 | |b M103 | ||
| 100 | |a Bạch Thị Quỳnh Mai | ||
| 245 | 0 | |a Kỹ thuật nuôi cá trê vàng lai | |
| 245 | 0 | |c Bạch Thị Quỳnh Mai | |
| 260 | |a Tp.HCM | ||
| 260 | |b Nông Nghiệp | ||
| 260 | |c 1998 | ||
| 650 | |a fish-culture,freshwater fishes | ||
| 980 | |a Trung tâm Học liệu Trường Đại học Cần Thơ | ||